El agente secreto / (Record no. 93529)

MARC details
000 -CABECERA
campo de control de longitud fija 00683cam a22002534a 4500
003 - IDENTIFICADOR DEL NÚMERO DE CONTROL
campo de control UPN
005 - FECHA Y HORA DE LA ÚLTIMA TRANSACCIÓN
campo de control 20230310063606.0
008 - ELEMENTOS DE LONGITUD FIJA--INFORMACIÓN GENERAL
campo de control de longitud fija 021209s1997 mx r 000 f spa d
020 ## - NÚMERO INTERNACIONAL NORMALIZADO PARA LIBROS
Número Internacional Estándar del Libro 9684762801
035 ## - NÚMERO DE CONTROL DEL SISTEMA
Número de control de sistema UPN01000121273
040 ## - FUENTE DE LA CATALOGACIÓN
Centro catalogador/agencia de origen UPN
Lengua de catalogación spa
Centro/agencia transcriptor UPN
049 ## - COLECCIÓN
Colección CG
050 #4 - SIGNATURA TOPOGRÁFICA DE LA BIBLIOTECA DEL CONGRESO
Número de clasificación PR6005 O4
Número de documento/Ítem A3
100 1# - ASIENTO PRINCIPAL--NOMBRE PERSONAL
Nombre de persona Conrad, Joseph,
Fechas asociadas al nombre 1857-1924
9 (RLIN) 32069
245 13 - MENCIÓN DE TÍTULO
Título El agente secreto /
Mención de responsabilidad, etc. Joseph Conrad ; tr. Marco Aurelio Galindo.
260 ## - PUBLICACIÓN, DISTRIBUCIÓN, ETC.
Lugar de publicación, distribución, etc. México :
Nombre del editor, distribuidor, etc. Fontamara,
Fecha de publicación, distribución, etc. 1997.
300 ## - DESCRIPCIÓN FÍSICA
Extensión 270 p.
490 0# - MENCIÓN DE SERIE
Mención de serie Fontamara ;
Designación de volumen o secuencia 202
534 ## - NOTA SOBRE LA VERSIÓN ORIGINAL
Frase introductoria Título original:
Mención de título del original The secret agent
650 #4 - ASIENTO SECUNDARIO DE MATERIA - TERMINO TEMATICO
Término de materia o nombre geográfico como elemento de entrada Novela inglesa
9 (RLIN) 4471
902 ## - ELEMENTOS DE DATOS B LOCAL, LDB (RLIN)
Creó MMA/pgv
905 ## - TIPO DE MATERIAL
Tipo de material Libro
942 ## - ELEMENTOS DE PUNTO DE ACCESO ADICIONAL (KOHA)
Fuente del sistema de clasificación o colocación Library of Congress Classification
Tipo de ítem Koha Libro
Holdings
Estado de retiro Estado de pérdida Fuente del sistema de clasificación o colocación Estado dañado No para préstamo Código de colección Localización permanente Ubicación/localización actual Ubicación en estantería Fecha de adquisición Total de préstamos Clasificación Código de barras Fecha visto por última vez Tipo de ítem Koha
    Library of Congress Classification     Colección General Bib. Gregorio Torres Quintero Bib. Gregorio Torres Quintero Planta baja 18/02/2022 2 PR6005 O4 A3 206336 31/12/2020 Libro
    Library of Congress Classification     Colección General Bib. Gregorio Torres Quintero Bib. Gregorio Torres Quintero Planta baja 18/02/2022 5 PR6005 O4 A3 206337 31/12/2020 Libro